MDQL
is popping MORE tags! Check the
thread
!
Quizzes
Events
Quiz Creation
Community
Videos
Private Events
Remove Ads
Sign In
Join for FREE
Feedback
Dark Mode
Quiz Categories
Sports
Geography
Music
Movies
Television
Just For Fun
Miscellaneous
History
Literature
Language
Science
Gaming
Entertainment
Religion
Holiday
For Kids
Quiz Lab
Recent
Popular Today
Quiz Kudos Today
Editor Picks
Curator Picks
Quizzes by...
Day
Popularity
Type
Ratings
Length
Year
Community
Subscriptions
Recent Discussions
Orange Saloon
Badges
Playlists
Quests
Create
Leaderboards
Showdown
Live 5
Trivia Bingo
Activity
Puzzle Library
Sporcle Events
Private Events
Virtual Trivia
Globe League
Become a Host
Pub Owners
SporcleCon
Opinionation
Our Games
Videos
Blog
Mobile Apps
Partnerships
Remove Ads and Go Orange
Feedback
Miscellaneous
Crossword
General Knowledge
Baby Names
Logo
Food
Cars
Numbers
Grab Bag
University
College
Popular
Company
Slogans
Restaurants
Justice
Letter
Miscellaneous
Crossword
General Knowledge
Baby Names
Logo
Food
Cars
Numbers
Grab Bag
University
College
Popular
Company
Slogans
Restaurants
Justice
Letter
Random Quiz
Search Sporcle
×
Quiz Lab
Quiz Lab
Miscellaneous
Car Makes
Type in answers that appear in a list
Type in answers that appear in a list
Classic
Best Score? Go Orange.
Car Manufacturers Stats
Can you name the Car Manufacturers?
By
liam_williams
10m
50 Questions
78 Plays
78 Plays
78 Plays
Comments
Comments
Give Quiz Kudos
Give Quiz Kudos
-
- Ratings
hide this ad
Replay
Link that replays current quiz
Next Quiz
Link to next quiz in quiz playlist
You Got
0%
They Got
Avg Score
57%
Avg Friend Score
Upgrade to see
Score Distribution
Jump to the score distribution portion of the page
Score
0/50
Timer
10:00
0
Plays Today
Hint
Answer
% Correct
16
Ford
87.2%
6
BMW
84.6%
48
Toyota
84.6%
4
Audi
82.1%
14
Ferrari
82.1%
49
Volkswagen
76.9%
15
Fiat
75.6%
20
Honda
75.6%
27
Lamborghini
75.6%
3
Aston Martin
71.8%
10
Chevrolet
71.8%
36
Nissan
70.5%
21
Hyundai
69.2%
13
Dodge
67.9%
31
Mazda
67.9%
33
Mercedes-Benz
67.9%
50
Volvo
67.9%
39
Porsche
66.7%
24
Jeep
65.4%
38
Peugeot
65.4%
44
Subaru
65.4%
41
Renault
64.1%
2
Alfa Romeo
61.5%
8
Buick
61.5%
11
Chrysler
61.5%
Hint
Answer
% Correct
23
Jaguar
61.5%
45
Suzuki
61.5%
29
Lexus
60.3%
28
Land Rover
59%
5
Bentley
57.7%
43
Saab
57.7%
12
Citroen
56.4%
1
Acura
55.1%
34
Mini
53.8%
30
Maserati
52.6%
42
Rolls Royce
51.3%
9
Cadillac
50%
7
Bugatti
48.7%
22
Infiniti
47.4%
19
GMC
43.6%
32
McLaren
43.6%
47
Tesla
39.7%
40
Ram
35.9%
26
Koenigsegg
32.1%
37
Pagani
29.5%
18
General Motors
25.6%
17
Geely
19.2%
25
Kia Motors
19.2%
35
Mitsubishi Motors
19.2%
46
Tata Motors
7.7%
Quiz Playlist
Details
Report
Send in Message
Add To Playlist
Classic:
Type in answers that appear in a list
Last Updated: Feb 16, 2017
Quiz Scoreboard
CHALLENGE
Sign Up to Join the Scoreboard
Show All
Scores
Hide
Comments
May contain spoilers
Recently Published
5x2 Blitz: Bands
by SL_Kpop136
Music
30s
Colored Red Africa Blitz
by spor1
Geography
30s
Find the 'City' Movie
by crazypaving
Movies
60s
More to Explore
Quiz From the Vault
Featured Blog Post
14 Easter Pick-up Lines to Find Eggs With
hide this ad
You Might Also Like...
Tags
car
Car Brands
Car Makes
Today's Top Quizzes in Miscellaneous
Browse Miscellaneous
hide this ad
Today's Top Quizzes in Car Makes
Browse Car Makes
Top Contributed Quizzes in Miscellaneous
1
5-to-1: Fast Food
2
The JOE quick-fire general knowledge quiz: Day 174
3
9x9 Crossword: Disney Movie Titles
4
9x9 Crossword: Charlie and the Chocolate Factory
5
9x9 Crossword: 2022 Movies
6
9x9 Crossword: Pixar Movie Titles
7
9x9 Crossword: Actors
8
9x9 Crossword: Flags
9
9x9 Crossword: Mario
10
9x9 Crossword: The Simpsons
Explore More
Trending Topics
Harry Potter
Anime
Marvel
NBA
Disney
Crossword
Kpop
Puzzle
The Office
Soccer
NFL
Pokémon
WWE
Song
Country
hide this ad
More By:
liam_williams
Quiz
Plays
Rating
Category
Featured
Created
Car Manufacturers
78
2.33
Miscellaneous
Dec 8, 2016
Go to Creator's Profile
Score Distribution
Quiz Creator Spotlight
liam_williams
Follow
Send a Message
Quizzes Created
-
Created Quiz Play Count
-
More By This Creator
Popular Quizzes Today
1
Colored Red Africa Blitz
2
Find the 'City' Movie
3
Find the US States - No Outlines Minefield
4
5x2 Blitz: Bands
5
The Countries of the World
6
Find the US States
7
Find the Countries of Europe - No Outlines Minefield
8
US States
More Miscellaneous Quizzes
Isogram Baby Girl Names (1987)
Curator's Pick
Trending Quizzes
Colored Red Europe Blitz I
Colored Red Europe Blitz II
Colored Red Africa Blitz II
Colored Red Europe Blitz III
Colored Red Africa Blitz III
Recently Updated
How Do You Spell That?
pecheneg
Godzilla Movies
pecheneg
Grab Bag: 4-10 Letters
pecheneg
2024 March Madness Bracket
pecheneg
Famous TV Couples
Peacemaker
Champions League XIs: Real Madrid
pecheneg
Largest US Cities 1790-2010
pecheneg
Rides in Walt Disney World
pecheneg
Most Oscar Losses (Acting)
pecheneg
Beyoncé Albums
pecheneg
Trending Topics
Kpop
Anime
Crossword
Harry Potter
Marvel
Disney
NBA
Country
Song
Pokémon
The Office
NFL
WWE
Soccer
Puzzle
Your Account Isn't Verified!
In order to create a playlist on Sporcle, you need to verify the email address you used during registration. Go to your
Sporcle Settings
to finish the process.
Report this User
Report this user for behavior that violates our
Community Guidelines
.
Details:
Send Report
Go to the Sporcle.com Mobile Site →
Comments